Notes de Premsa / Àrea de Cultura
Descripción Física:
[179] f. : il. ; 30 cm
MARC
| LEADER | 00000nam a2200000Ia 4500 | ||
|---|---|---|---|
| 001 | 21188 | ||
| 008 | 160829s2008 xx 000 0 cat d | ||
| 080 | |a B-2-171 | ||
| 110 | 1 | |a Barcelona (Catalunya : Província). |b Àrea de Cultura |9 53536 | |
| 245 | |a Notes de Premsa / Àrea de Cultura | ||
| 260 | |a Barcelona : |b la Diputació. Àrea de Cultura, |c 2008 | ||
| 300 | |a [179] f. : |b il. ; |c 30 cm | ||
| 590 | |a Recull de notes de premsa publicades a l'URL www.diba.cat | ||
| 650 | |a Premsa electrònica |x Barcelona (Província) |9 43988 | ||
| 650 | |a Cultura |x Barcelona (Província) |9 44056 | ||
| 901 | |a Arxiu | ||
| 942 | |n 1 | ||
| 952 | |0 0 |1 0 |4 0 |6 B2171 |7 1 |9 51720 |a Arxiu |b Arxiu |d 2016-12-01 |l 0 |o B-2-171 |p 21188 |r 2016-12-01 00:00:00 |w 2016-12-01 |y ARXIU | ||
| 999 | |c 55566 |d 55566 | ||